| 000 | 01102nam a22002297a 4500 | ||
|---|---|---|---|
| 999 |
_c329775 _d329775 |
||
| 003 | NUST | ||
| 005 | 20170522115416.0 | ||
| 008 | 110607t xxu||||| |||| 00| 0 eng d | ||
| 040 | _c0 | ||
| 082 | _a547.0078 RAH | ||
| 100 |
_aRahman,Dr.Abdur _9744 |
||
| 245 |
_aExperimental Organic Chemistry _cDr.Abdul Rahman |
||
| 260 |
_aLahore _bCarvan Book House _c2008 |
||
| 300 | _a110p | ||
| 500 | _aP.B | ||
| 546 | _aEnglish | ||
| 563 | _aHBC | ||
| 650 |
_aExperimental Organic Chemistry _9753 |
||
| 942 |
_2ddc _cBK _k547.0078 RAH |
||